000 01997nam a2200361 i 4500
003 EG-GICUC
005 20260210112440.0
008 260210s2003 ua ||||fr|||| 00| 0 ara d
017 _a2003/7184
020 _a9772363992
040 _a EG-GICUC
_bara
_c EG-GICUC
_d EG-GICUC
_erda
041 _aara
082 0 4 _221
_a343.3
_bم د . ن
092 0 4 _221
099 _aLaw1 10 343.3 م د . ن 2 ed - 2003
100 0 _aمدحت محمد سعد الدين
_eمؤلف.
245 1 2 _aنظرية الدفوع في قانون الإجراءات الجنائية :
_bدراسة تحليلية تأصيلية مقارنة بقانون المرافعات شاملة آراء الفقه وأحكام النقض /
_cتأليف المستشار الدكتور مدحت محمد سعد الدين.
250 _aالطبعة الثانية،
_bه 1424 - 2003م .
264 1 _aالقاهرة :
_bمدحت محمد سعد الدين،
_c2003.
300 _a766 صفحة ;
_c24 سم.
336 _2rda content
_atext
337 _2rda media
_aComputer
338 _2rda carrier
_aOnline Resource
504 _aيشتمل على إرجاعات ببليوجرافية.
505 _aتعريف الدفوع وأساسها القانوني في قانوني المرافعات والإجراءات الجنائية . النظام القانوني للدفع : طبيعته الإجرائية - شروطه - مراحل إيدانه - اثباته تقادامه - ضوابط تسبيب الحكم الصادر في الدفع تقسيمات الدفوع : شكلية - موضوعية . طبيعة الحكم الصادر في الدفع والآثار المترتبة على ذلك .
546 _aالنص باللغة العربية
650 1 _aالقانون الجنائي
650 1 _aقانون الإجراءات الجنائية
653 _aنظرية الدفوع
856 4 0 _uhttps://fll.law.cu.edu.eg/fulltext/bks/B10-08363.pdf
905 _a43
942 _2ddc
_n0
_cBK
_e21
999 _c62367
_d62367